|
|
|
|
| LEADER |
01467nam a2200397Ia 4500 |
| 001 |
EBC3339256 |
| 003 |
MiAaPQ |
| 005 |
20200520144314.0 |
| 006 |
m o d | |
| 007 |
cr cn||||||||| |
| 008 |
100830s2011 maua sb 001 0 eng d |
| 010 |
|
|
|z 2010035922
|
| 020 |
|
|
|z 0262015315
|
| 020 |
|
|
|z 9780262015318
|
| 035 |
|
|
|a (MiAaPQ)EBC3339256
|
| 035 |
|
|
|a (Au-PeEL)EBL3339256
|
| 035 |
|
|
|a (CaPaEBR)ebr10479200
|
| 035 |
|
|
|a (CaONFJC)MIL314807
|
| 035 |
|
|
|a (OCoLC)738437885
|
| 040 |
|
|
|a MiAaPQ
|c MiAaPQ
|d MiAaPQ
|
| 050 |
|
4 |
|a HC240
|b .P383 2011
|
| 082 |
0 |
4 |
|a 330.94
|2 22
|
| 245 |
0 |
0 |
|a Perspectives on the performance of the continental economies
|h [electronic resource] /
|c edited by Edmund S. Phelps and Hans-Werner Sinn.
|
| 260 |
|
|
|a Cambridge, Mass. :
|b MIT Press,
|c c2011.
|
| 300 |
|
|
|a vi, 500 p. :
|b ill.
|
| 490 |
1 |
|
|a CESifo seminar series
|
| 504 |
|
|
|a Includes bibliographical references and index.
|
| 533 |
|
|
|a Electronic reproduction. Ann Arbor, MI : ProQuest, 2015. Available via World Wide Web. Access may be limited to ProQuest affiliated libraries.
|
| 650 |
|
0 |
|a Economic indicators
|z Europe, Western.
|
| 651 |
|
0 |
|a Europe, Western
|x Economic conditions
|y 1945-
|
| 655 |
|
4 |
|a Electronic books.
|
| 700 |
1 |
|
|a Phelps, Edmund S.
|
| 700 |
1 |
|
|a Sinn, Hans-Werner.
|
| 710 |
2 |
|
|a ProQuest (Firm)
|
| 830 |
|
0 |
|a CESifo seminar series.
|
| 856 |
4 |
0 |
|u https://ebookcentral.proquest.com/lib/matrademy/detail.action?docID=3339256
|z Click to View
|